Online katalóg knižníc regiónu Turca

Kráľovstvo víl (Record no. 21759)

MARC details
000 -LEADER
fixed length control field 01334nam a2200409 a 4500
001 - CONTROL NUMBER
control field 21759
003 - CONTROL NUMBER IDENTIFIER
control field VRT
005 - DATE AND TIME OF LATEST TRANSACTION
control field 20260309135650.0
008 - FIXED-LENGTH DATA ELEMENTS--GENERAL INFORMATION
fixed length control field 240314s2010 xo a b 000 f slo
015 ## - NATIONAL BIBLIOGRAPHY NUMBER
National bibliography number SNBA2011/07-03876
020 ## - INTERNATIONAL STANDARD BOOK NUMBER
International Standard Book Number 9788081120640
Qualifying information (viaz.)
035 ## - SYSTEM CONTROL NUMBER
System control number FF6F5209-C33D-40F6-8C9B-812BABD98CF5
035 ## - SYSTEM CONTROL NUMBER
System control number urn:nbn:sk:snk-amjx44
035 ## - SYSTEM CONTROL NUMBER
System control number urn:nbn:sk:snk-am0080ur
039 #9 - LEVEL OF BIBLIOGRAPHIC CONTROL AND CODING DETAIL [OBSOLETE]
Level of rules in bibliographic description 202403140935
Level of effort used to assign nonsubject heading access points VLOAD
Level of effort used to assign subject headings 202403131543
Level of effort used to assign classification AUTHORITY
Level of effort used to assign subject headings 201808090952
Level of effort used to assign classification VLOAD
Level of effort used to assign subject headings 201511121709
Level of effort used to assign classification VLOAD
040 ## - CATALOGING SOURCE
Original cataloging agency POKPOH
Language of cataloging slo
Transcribing agency POKPOH
Modifying agency SNK
Description conventions AACR2
041 1# - LANGUAGE CODE
Language code of text/sound track or separate title slo
Language code of original rum
044 ## - COUNTRY OF PUBLISHING/PRODUCING ENTITY CODE
MARC country code xo
ISO country code SK
072 #7 - SUBJECT CATEGORY CODE
Subject category code 821-93
Subject category code subdivision Literatúra pre deti a mládež (beletria)
Source konspekt
080 ## - UNIVERSAL DECIMAL CLASSIFICATION NUMBER
Universal Decimal Classification number 821-34
Edition identifier 2001
080 ## - UNIVERSAL DECIMAL CLASSIFICATION NUMBER
Universal Decimal Classification number 821-93
Edition identifier 2001
100 1# - MAIN ENTRY--PERSONAL NAME
Personal name Bâldescu, Zorina
Relationship aut
245 10 - TITLE STATEMENT
Title Kráľovstvo víl
Statement of responsibility, etc. Zorina Bâldescu
250 ## - EDITION STATEMENT
Edition statement 1. vyd.
260 ## - PUBLICATION, DISTRIBUTION, ETC.
Place of publication, distribution, etc. Bratislava
Name of publisher, distributor, etc. Slovart Print
Date of publication, distribution, etc. 2010
300 ## - PHYSICAL DESCRIPTION
Extent 47 s.
Other physical details fareb. ilustrácie
Dimensions 34 cm
500 ## - GENERAL NOTE
General note Prel. z rum.
500 ## - GENERAL NOTE
General note Názov z obalu
655 #7 - INDEX TERM--GENRE/FORM
Genre/form data or focus term publikácie pre deti
Source of term SNKPH
655 #7 - INDEX TERM--GENRE/FORM
Genre/form data or focus term rozprávky
Source of term SNKPH
942 ## - ADDED ENTRY ELEMENTS (KOHA)
Source of classification or shelving scheme Dewey Decimal Classification
Koha item type Krásna literatúra pre deti
Suppress in OPAC No
949 ## - LOCAL PROCESSING INFORMATION (OCLC)
6 273K0528642
a svkpoD 2767
b svkpo534442
949 ## - LOCAL PROCESSING INFORMATION (OCLC)
6 17A0696825
a snkSB 81330
b snk2011/8736
o 973/2011
s 6100:20140925
949 ## - LOCAL PROCESSING INFORMATION (OCLC)
6 17A0696824
a snkSB 81330 D1
b snk2011/8737
o 973/2011
980 ## - EQUIVALENCE OR CROSS-REFERENCE-SERIES STATEMENT--PERSONAL NAME/TITLE [LOCAL, CANADA]
Personal name 821-93
980 ## - EQUIVALENCE OR CROSS-REFERENCE-SERIES STATEMENT--PERSONAL NAME/TITLE [LOCAL, CANADA]
Personal name 821-34
Holdings
Stav vyradenia Strata Poškodenie Spôsob nadobudnutia Domovská knižnica Aktuálna knižnica Dátum nadobudnutia Total checkouts Čiarový kód exemplára Date last seen Typ exemplára
      Dar Obecná knižnica Turčianska Štiavnička Obecná knižnica Turčianska Štiavnička 09.03.2026   4738000371 09.03.2026 Krásna literatúra pre deti
Projekt je podporený Slovenskou asociáciou knižníc
Prevádzkuje Turčianska knižnica Martin 2026